书目信息 |
| 书名: | optics | |
| 作者: | W.T.Welford. | |
| 分册号: | ||
| 分册名: | 出版地: | OXFORD : |
|
| 出版社: | oxford university press | |
| 出版时间: | 1976. | |
| 页数: | 152 p. ; | |
| 开本: | 20cm. | |
| 丛书名: | ||
| 中图分类号: | ||
| 科图分类号: | ||
| 其他分类号: | O43:H31 | |
| 主题词: | ||
| 电子资源: | ||
| 000 | 00382nam 2200145 a 4500 | |
| 001 | E0757551660 | |
| 005 | 20070728160120.67 | |
| 008 | 070728s1976 00010 eng | |
| 020 | @a0-19-851831-5 :@cCNY0.90. | |
| 040 | @aPFT@beng | |
| 090 | @aO43:H31 | |
| 099 | @dO43:H31@ex9 | |
| 245 | 1 | @aoptics / @cW.T.Welford. |
| 260 | @aOXFORD :@boxford university press,@c1976. | |
| 300 | @a152 p. ;@c20cm. | |
| optics / / W.T.Welford.-OXFORD : : oxford university press, , 1976. |
| 152 p. ; ; 20cm. |
| ISBN 0-19-851831-5 :CNY0.90. |
| ● |
| 相关链接 |
|
|
|
|
正题名:optics
索取号:O43:H31/x9
 
预约/预借
| 序号 | 登录号 | 条形码 | 馆藏地/架位号 | 状态 | 备注 |
| 1 | 16965 | 300139678 | 第二样本阅览室/ [索取号:O43:H31/x9] | 在馆 |